Giáo trình tin học đại cương
Saved in:
| Main Author: | |
|---|---|
| Format: | Book |
| Language: | Undetermined |
| Published: |
Tp.HCM
Lao động
2008
|
| Subjects: | |
| Online Access: | http://lrc.tdmu.edu.vn/opac/search/detail.asp?aID=2&ID=3391 |
| Tags: |
Add Tag
No Tags, Be the first to tag this record!
|
| Institutions: | Trung tâm Học liệu Trường Đại học Thủ Dầu Một |
|---|
| LEADER | 00657nam a2200193Ia 4500 | ||
|---|---|---|---|
| 001 | TDMU_3391 | ||
| 008 | 210410s9999 xx 000 0 und d | ||
| 082 | |a 004.1 (chua KT) | ||
| 090 | |b K5284 | ||
| 100 | |a Trường ĐH Kinh tế Tp.HCM | ||
| 245 | 0 | |a Giáo trình tin học đại cương | |
| 245 | 0 | |c Khoa tin học quản lý Trường đại học Kinh tế Tp.HCM | |
| 260 | |a Tp.HCM | ||
| 260 | |b Lao động | ||
| 260 | |c 2008 | ||
| 300 | |a 289 | ||
| 650 | |a Tin học đại cương | ||
| 856 | |u http://lrc.tdmu.edu.vn/opac/search/detail.asp?aID=2&ID=3391 | ||
| 980 | |a Trung tâm Học liệu Trường Đại học Thủ Dầu Một | ||